| 000 | 00619cam a22002531 4500 | ||
|---|---|---|---|
| 001 | sa 68001563 | ||
| 003 | DLC | ||
| 005 | 20260227112434.0 | ||
| 008 | 890824s1966 ii b 000 0 hino | ||
| 010 | _asa 68001563 | ||
| 035 | _a(OCoLC)20241916 | ||
| 040 |
_aDLC _cWaU _dDLC |
||
| 042 | _apremarc | ||
| 043 | _aa-ii--- | ||
| 050 | 0 | 0 |
_aPK2040 _b.H28 |
| 100 | 0 | _aHanumandas. | |
| 245 | 1 | 0 | _aĀrādhanā. |
| 260 | _c[1966] | ||
| 300 |
_a168 p. _c22 cm. |
||
| 500 | _aIn Hindi. | ||
| 504 | _aBibliographical footnotes. | ||
| 650 | 0 |
_aHindi poetry _xHistory and criticism. |
|
| 650 | 0 | _aReligion in literature. | |
| 999 |
_c78045 _d78045 |
||